Technical Dictionary:Machine Tools / (Record no. 3662)

MARC details
000 -LEADER
fixed length control field 00820nac a22002171u 4500
082 ## - DEWEY DECIMAL CLASSIFICATION NUMBER
Classification number 603
090 ## - LOCALLY ASSIGNED LC-TYPE CALL NUMBER (OCLC); LOCAL CALL NUMBER (OCLC)
-- 3662
-- 3662
100 ## - MAIN ENTRY--PERSONAL NAME
Personal name 20080729
245 ## - TITLE STATEMENT
Title Technical Dictionary:Machine Tools /
260 ## - PUBLICATION, DISTRIBUTION, ETC. (IMPRINT)
Place of publication, distribution, etc Cairo:
Name of publisher, distributor, etc Al Ahram, 1977.
Date of publication, distribution, etc C.1977.
300 ## - PHYSICAL DESCRIPTION
Extent 190,107p:
Other physical details ill;
Dimensions 19cm.
500 ## - GENERAL NOTE
General note Title In English, French, German and Arabic.
650 ## - SUBJECT ADDED ENTRY--TOPICAL TERM
Topical term or geographic name as entry element Technology--Dictionaries.
650 ## - SUBJECT ADDED ENTRY--TOPICAL TERM
Topical term or geographic name as entry element English language--Dictionaries--French.
650 ## - SUBJECT ADDED ENTRY--TOPICAL TERM
Topical term or geographic name as entry element English language--Dictionaries--German.
650 ## - SUBJECT ADDED ENTRY--TOPICAL TERM
Topical term or geographic name as entry element Arabic language--Dictionaries--English.
650 ## - SUBJECT ADDED ENTRY--TOPICAL TERM
Topical term or geographic name as entry element Arabic language--Dictionaries--French.
650 ## - SUBJECT ADDED ENTRY--TOPICAL TERM
Topical term or geographic name as entry element Arabic language--Dictionaries--German.
942 ## - ADDED ENTRY ELEMENTS (KOHA)
Item type NB - Book (Non borrowing)
Call number prefix 603
Holdings
Withdrawn status Item status Source of classification or shelving scheme Damaged status Not for loan Home library Current library Shelving location Date acquired Source of acquisition Total Checkouts Full call number Barcode Date last seen Koha item type
    Dewey Decimal Classification     Central Library Central Library First floor 07/05/2006 Purchase   603 TEC 000030257 15/07/2025 NB - Book (Non borrowing)